LEADER 01693nam0 22003851i 450 001 UON00504351 005 20231205105429.23 010 $a978-88-297-0288-6 100 $a20210111d2020 |0itac50 ba 101 $aita 102 $aIT 105 $a|||| ||||| 200 1 $a1918 l'influenza spagnola$ela pandemia che cambiò il mondo$fLaura Spinney$gtraduzione di Anita Taroni e Stefano Travagli 205 $a4. ed 210 $aVenezia$cMarsilio ; Milano$cUniversale Economica$d2020 215 $a348 p.$cill.$d20 cm. 312 $a1918 l'influenza spagnola$9UON00505313 410 1$1001UON00065816$12001 $aUniversale Economica Feltrinelli 517 0$3UON00505313$aMillenovecentodiciotto: l'influenza spagnola 606 $aEPIDEMIE$xInfluenza spagnola$x1918$3UONC097798$2FI 620 $aIT$dMilano$3UONL000005 620 $aIT$dVenezia$3UONL000039 676 $a614.49$cSTORIA DELLE EPIDEMIE$v21 700 1$aSPINNEY$bLaura$3UONV284894$0759656 702 1$aTARONI$bAnita$3UONV284895 702 1$aTRAVAGLI$bStefano$3UONV284896 712 $aMarsilio$3UONV246600$4650 712 $aUniversale Economica$3UONV267469$4650 801 $aIT$bSOL$c20240220$gRICA 899 $aSIBA - SISTEMA BIBLIOTECARIO DI ATENEO$2UONSI 912 $aUON00504351 950 $aSIBA - SISTEMA BIBLIOTECARIO DI ATENEO$dSI III STORIAEUR D A 3408 $eSI 36626 5 3408 951 $aSIBA - SISTEMA BIBLIOTECARIO DI ATENEO$bSI2021202 1J 20210111 996 $a1918 l'influenza spagnola$91535932 997 $aUNIOR LEADER 01196nam2 2200313 450 001 000037072 005 20250206102830.0 010 $a88-453-0410-8 100 $a20250206d1993----km-y0itay50------ba 101 0 $aita 102 $aIT 105 $ay-------001yy 200 1 $aAnalisi di bilancio e diagnosi strategica$estrumenti per valutare posizione, competitività, vulnerabilità, patrimonio intangibile$fGiorgio Invernizzi, Mario Molteni 205 $aRist 210 $aMilano$cEtas libri$d1993 215 $aVI, 234 p.$d24 cm 225 2 $aAnalisi economico-finanziarie d'azienda: teorie e tecniche 410 0$12001$aAnalisi economico-finanziarie d'azienda: teorie e tecniche 461 0$10010000 500 10$aAnalisi di bilancio e diagnosi strategica$941929 610 1 $aBilanci$aAziende$aProgrammzione 676 $a658.154$v23$9GESTIONE FINANZIARIA. IMPOSTAZIONE DEL BILANCIO 700 1$aInvernizzi,$bGiorgio$0460368 701 1$aMolteni,$bMario$0460360 801 0$aIT$bUNIPARTHENOPE$c20250206$gREICAT$2UNIMARC 912 $a000037072 951 $aDISAE 512/536$b3431 ex St.Az.$cNAVA2 996 $aAnalisi di bilancio e diagnosi strategica$941929 997 $aUNIPARTHENOPE